000 00367 a2200145 4500
005 20250620101131.0
020 _a978-81-7473-359-0
082 _a658.4SIN
100 _aSINGH. S. P
245 _aStrategic Management
250 _a1st Ed.
260 _aKrishan Nagar,
_bArya. V. K,
_c2006
300 _axiii, 504p,; ill, figure & table
_bIndex
_c24cm
942 _2ddc
_cBKS
999 _c4509
_d4509